00470nam a22001817a 450000500170000001000130001702000210003003500130005103700160006404000120008008200110009210000170010324500450012026000280016530000210019365000480021465000260026220170124110130.0 aA-123168 c00.00a333131347 aA-123168 bCen Lib/Ret aDPLbEN aNbGIE aGielgud, Val aThe black Sambo affair /cby Val Gielgud aLondonbMacmillanc1972 a222p. c19cm(Hb) aPrivate investigators -- England -- Fiction aPrivate investigators